[Event "POL-ch Blitz U18 Girls"]
[Site "Bydgoszcz"]
[Date "2023.08.31"]
[Round "3"]
[White "Smietanska, Wiktoria"]
[Black "Kawa, Anna"]
[Result "1-0"]
[WhiteElo "2017"]
[BlackElo "1575"]
[PlyCount "64"]
[EventDate "2023.08.28"]
[EventType "swiss"]
[EventRounds "9"]
[EventCountry "POL"]
[SourceTitle "EXT 2024"]
[Source "ChessBase"]
[SourceDate "2023.10.10"]
[SourceVersion "1"]
[SourceVersionDate "2023.10.10"]
[SourceQuality "1"]

1. c4 e6 2. Nc3 d5 3. cxd5 exd5 4. d4 c6 5. Nf3 Bf5 6. Bf4 Nf6 7. e3 Bd6 8. Bg5 Nbd7 9. Be2 h6 10. Bh4 0-0 11. 0-0 Re8 12. Bd3 Bxd3 13. Qxd3 Rc8 14. Rfc1 a6 15. Rab1 Qb6 16. b4 Ne4 17. Na4 Qc7 18. Nc5 Ndxc5 19. bxc5 Be7 20. Bg3 Nxg3 21. hxg3 Rb8 22. Rb6 Rec8 23. Rcb1 Bd8 24. Qb3 Qd7 25. Rxb7 Bc7 26. Ne5 Qe8 27. Nd3 Rxb7 28. Qxb7 Rb8 29. Qxc7 Rxb1+ 30. Kh2 Rb8 31. Ne5 f6 32. Nf3 g5 1-0

[Event "POL-ch Rapid U18 Girls"]
[Site "Bydgoszcz"]
[Date "2023.08.30"]
[Round "10"]
[White "Kawa, Anna"]
[Black "Predkiewicz, Paulina"]
[Result "1-0"]
[WhiteElo "1725"]
[BlackElo "1297"]
[PlyCount "149"]
[EventDate "2023.08.28"]
[EventType "swiss"]
[EventRounds "11"]
[EventCountry "POL"]
[SourceTitle "EXT 2024"]
[Source "ChessBase"]
[SourceDate "2023.10.10"]
[SourceVersion "1"]
[SourceVersionDate "2023.10.10"]
[SourceQuality "1"]

1. e4 e5 2. Nf3 Nc6 3. c3 Nf6 4. d4 exd4 5. e5 Nd5 6. cxd4 d6 7. Bb5 Bd7 8. 0-0 Be7 9. exd6 Bxd6 10. Re1+ Nce7 11. Bxd7+ Qxd7 12. Ne5 Qf5 13. Nc3 0-0 14. a3 Rad8 15. Nxd5 Nxd5 16. Qb3 Nb6 17. Qf3 Qxf3 18. Nxf3 Rfe8 19. Bg5 f6 20. Bd2 Nd5 21. Rac1 Kf7 22. Kf1 Nf4 23. Bxf4 Bxf4 24. Rc2 Rxe1+ 25. Kxe1 Re8+ 26. Kd1 Rd8 27. g3 Bd6 28. Ke2 Rd7 29. Rd2 g5 30. h3 h5 31. Kd3 Be7 32. Ke4 Kg6 33. d5 Bf8 34. Nd4 Bd6 35. Nf5 Bf8 36. g4 Rd8 37. Kf3 Rd7 38. Rd3 Bc5 39. b4 Bf8 40. Ke4 b6 41. Rc3 Rf7 42. Rc6 Rd7 43. gxh5+ Kxh5 44. Rxf6 Rd8 45. Rf7 g4 46. hxg4+ Kxg4 47. f3+ Kg5 48. Ne3 Bd6 49. Nc4 Re8+ 50. Kd3 Bh2 51. Nd2 Kg6 52. Rd7 Rf8 53. Ke2 Re8+ 54. Kf2 Bf4 55. Ne4 Rh8 56. d6 cxd6 57. Rxa7 d5 58. Nc3 d4 59. Ne4 Rd8 60. Rb7 d3 61. Rxb6+ Kg7 62. Ke1 Bc1 63. a4 d2+ 64. Kd1 Rd3 65. a5 Rxf3 66. Nxd2 Bxd2 67. Kxd2 Rb3 68. Kc2 Ra3 69. Kb2 Rd3 70. a6 Rd8 71. a7 Ra8 72. Rb7+ Kf6 73. b5 Ke6 74. b6 Kd6 75. Rb8 1-0

[Event "Wch U14 Girls"]
[Site "Mamaia"]
[Date "2022.09.10"]
[Round "5"]
[White "Piddubna, Bozhena"]
[Black "Kawa, Anna"]
[Result "1-0"]
[WhiteElo "1823"]
[BlackElo "1658"]
[PlyCount "71"]
[EventDate "2022.09.06"]
[EventType "swiss"]
[EventRounds "11"]
[EventCountry "ROU"]
[SourceTitle "CBM 210 Extra"]
[Source "ChessBase"]
[SourceDate "2022.11.30"]
[SourceVersion "1"]
[SourceVersionDate "2022.11.30"]
[SourceQuality "1"]

1. Nf3 d5 2. g3 c6 3. d4 Nf6 4. c4 dxc4 5. Bg2 Bf5 6. 0-0 e6 7. Ne5 Be4 8. Bxe4 Nxe4 9. Nxc4 Be7 10. Nc3 Nxc3 11. bxc3 Nd7 12. e4 Nf6 13. Qe2 0-0 14. Bf4 Rc8 15. Rfd1 b5 16. Ne5 Qb6 17. c4 Rfd8 18. c5 Qb7 19. Rab1 Qa6 20. a4 Qxa4 21. Ra1 Qb3 22. Rd3 Qb4 23. Rxa7 Bf8 24. Bg5 Rxd4 25. Rxd4 Qxd4 26. Bxf6 Qxc5 27. Rxf7 Qc1+ 28. Kg2 gxf6 29. Rxf6 Qg5 30. Rxe6 b4 31. Qc4 Kg7 32. h4 Qh5 33. g4 Qxh4 34. Rg6+ hxg6 35. Qf7+ Kh6 36. Qxg6# 1-0

[Event "Wch U14 Girls"]
[Site "Mamaia"]
[Date "2022.09.08"]
[Round "3"]
[White "Field, Lila Quinn"]
[Black "Kawa, Anna"]
[Result "0-1"]
[WhiteElo "1165"]
[BlackElo "1658"]
[PlyCount "148"]
[EventDate "2022.09.06"]
[EventType "swiss"]
[EventRounds "11"]
[EventCountry "ROU"]
[SourceTitle "CBM 210 Extra"]
[Source "ChessBase"]
[SourceDate "2022.11.30"]
[SourceVersion "1"]
[SourceVersionDate "2022.11.30"]
[SourceQuality "1"]

1. e4 Nc6 2. d4 d5 3. Nc3 dxe4 4. d5 Nb8 5. Nxe4 e6 6. Bb5+ c6 7. dxc6 Qxd1+ 8. Kxd1 Nxc6 9. Bf4 Nf6 10. Nd6+ Bxd6 11. Bxd6 Ne4 12. Bxc6+ bxc6 13. Bg3 Ba6 14. Nf3 0-0-0+ 15. Ke1 Nxg3 16. hxg3 f6 17. g4 h6 18. b3 Kc7 19. c4 e5 20. Rd1 Rxd1+ 21. Kxd1 Bc8 22. g5 Rd8+ 23. Kc1 hxg5 24. Nd2 Bf5 25. Nf1 a5 26. Ne3 Bg6 27. Rd1 Rb8 28. g3 a4 29. Kb2 axb3 30. axb3 Ra8 31. Rd2 Be4 32. Rd1 Rh8 33. Ra1 Rh2 34. Ng4 Rh7 35. Ra7+ Kb6 36. Re7 Bf5 37. Ne3 Rh2 38. Rxg7 Rxf2+ 39. Ka3 Bb1 40. Kb4 Rf3 41. c5+ Ka6 42. Nc4 Rxg3 43. Rf7 Bc2 44. Na5 Rg4+ 45. Nc4 Rf4 46. Rc7 Be4 47. Nd6 Bd5+ 48. Ka3 Rf3 49. Rb7 Rc3 50. Rb6+ Ka7 51. Nc8+ Ka8 52. Rb4 Rxb3+ 53. Rxb3 Bxb3 54. Kxb3 g4 55. Nb6+ Kb7 56. Nc4 g3 57. Ne3 f5 58. Ng2 f4 59. Ne1 e4 60. Kc3 f3 61. Kd2 g2 62. Nxg2 fxg2 63. Ke3 g1Q+ 64. Kxe4 Qxc5 65. Kd3 Qb4 66. Ke3 Qd6 67. Ke4 c5 68. Ke3 c4 69. Ke2 Qd3+ 70. Kf2 c3 71. Kg2 c2 72. Kf2 c1Q 73. Kg2 Qcf1+ 74. Kh2 Qdh3# 0-1

[Event "POL-ch U14 Girls"]
[Site "Uniejow"]
[Date "2021.07.20"]
[Round "2"]
[White "Walentyn, Zuzanna"]
[Black "Kawa, Anna"]
[Result "1/2-1/2"]
[WhiteElo "1297"]
[BlackElo "1440"]
[PlyCount "90"]
[EventDate "2021.07.18"]
[EventType "swiss"]
[EventRounds "9"]
[EventCountry "POL"]
[SourceTitle "EXT 2022"]
[Source "ChessBase"]
[SourceDate "2021.10.06"]
[SourceVersion "1"]
[SourceVersionDate "2021.10.06"]
[SourceQuality "1"]

1. d4 d5 2. c4 e6 3. Nc3 a6 4. cxd5 exd5 5. Nf3 c6 6. Bg5 Be7 7. Bxe7 Nxe7 8. e3 Bf5 9. Bd3 Bg6 10. Bxg6 Nxg6 11. 0-0 Nd7 12. Na4 0-0 13. a3 Re8 14. b4 Qc7 15. Nc5 Nf6 16. Nd2 Ne7 17. Rb1 Nc8 18. a4 Nd6 19. Nf3 Nfe4 20. Nxe4 Nxe4 21. Qc2 Re6 22. b5 axb5 23. axb5 Rh6 24. h3 Re8 25. Ne5 c5 26. f3 Ng3 27. Rfc1 c4 28. e4 Qb6 29. Qf2 Qxd4 30. Qxd4 Ne2+ 31. Kf1 Nxd4 32. Ng4 Rd6 33. exd5 Rxd5 34. Rxc4 Rxb5 35. Rxb5 Nxb5 36. Rb4 Nd6 37. Nf2 g6 38. Rb6 Nf5 39. Rxb7 Ng3+ 40. Kg1 h5 41. Rb1 Kg7 42. Ra1 Kh6 43. Kh2 Nf5 44. Ne4 Re6 45. Ra7 Re7 1/2-1/2